Meranie minútového vyvrhového objemu srdca = Cardiac output measurement : Diplomová práca : V.odb. príl /
Uložené v:
| Hlavný autor: | |
|---|---|
| Ďalší autori: | |
| Médium: | Rukopis Kniha |
| Vydavateľské údaje: |
Bratislava :
STU v Bratislave FEI,
1997
|
| Predmet: | |
| Tagy: |
Žiadne tagy, Buďte prvý, kto otaguje tento záznam!
|
MARC
| LEADER | 00000ntm a22000003a 4500 | ||
|---|---|---|---|
| 001 | stu9907 | ||
| 005 | 20160719164950.4 | ||
| 008 | 970627s1997----------------------------d | ||
| 040 | |a STU |b slo | ||
| 041 | 0 | ||
| 100 | 1 | |a Labuda, Jozef |4 aut | |
| 245 | 1 | |a Meranie minútového vyvrhového objemu srdca = Cardiac output measurement : |b Diplomová práca : V.odb. príl / |c [aut.] Labuda,Jozef; Škol. Msolly,Mongi | |
| 260 | |a Bratislava : |b STU v Bratislave FEI, |c 1997 | ||
| 650 | 7 | |a elektronika |2 stusub | |
| 700 | 1 | |a Msolly, Mongi |4 ths | |